Biblioteca

The Asbury Revival : (Registro nro. 71495)

Detalles MARC
000 -LÍDER
Campo fijo de descripción fija 02254nam a2200361 i 4500
001 - NÚMERO DE CONTROL
Campo de control 768714001
003 - IDENTIFICADOR DEL NÚMERO DE CONTROL
Campo de control CO-MdFUSB
005 - FECHA Y HORA DE LA ULTIMA TRANSACCIÓN
control field 20251028170017.0
007 - CAMPO FIJO DE DESCRIPCIÓN FIJA--INFORMACIÓN GENERAL
Campo fijo de descripción fija ta
008 - ELEMENTOS DE LONGITUD FIJA -- INFORMACIÓN GENERAL
Campo fijo de descripción fija -- Información general 251016t2020 -usao||| |||| 00| 0 eng d
020 ## - NÚMERO INTERNACIONAL NORMALIZADO PARA LIBROS
Número Internacional Normalizado del libro 978-1-953406-05-7
040 ## - FUENTE DE CATALOGACIÓN
Agencia de catalogación original CO-MdFUSB
Idioma de catalogación spa
Agencia que realiza la transcripción CO-MdFUSB
Agencia que realiza la modificación CO-MdFUSBC
Convenciones de la descripción rda
041 ## - CÓDIGO DE IDIOMA
Código de idioma para texto/pista de sonido o título separado eng
082 ## - NÚMERO DE CLASIFICACIÓN DECIMAL DEWEY
Número de la edición del Dewey 23
Número de clasificación 269.23
Clave de autor-Numero de item A837a
100 ## - ASIENTO PRINCIPAL--NOMBRE PERSONAL
Nombre personal Atcheson, Wayne,
Término relacionador autor
245 ## - TÍTULO
Título del Material The Asbury Revival :
Parte restante del título - Subtitulo when God used students to wake a nation
Mención de responsabilidad, etc. / Wayne Atcheson
264 #1 - PRODUCCIÓN, PUBLICACIÓN, DISTRIBUCIÓN, MANUFACTURA, Y COPYRIGHT
Nombre del productor, publicador, distribuidor Soncoast Publishing,
Lugar de producción, publicación, distribución, manufactura Hartselle, AL :
Fecha de producción, publicación, distribución, manufactura, o copyright [2020]
264 #4 - PRODUCCIÓN, PUBLICACIÓN, DISTRIBUCIÓN, MANUFACTURA, Y COPYRIGHT
Fecha de producción, publicación, distribución, manufactura, o copyright ©2020
300 ## - DESCRIPCIÓN FÍSICA
Extensión 141 páginas
Otros detalles físicos : ilustraciones (blanco y negro)
Dimensiones ; 23 cm
336 ## - TIPO DE CONTENIDO
Fuente rdacontent
Término de tipo de contenido texto
Código de tipo de contenido txt
337 ## - TIPO DE MEDIO
Fuente rdamedia
Nombre del tipo de medio sin mediación
Código del tipo de medio n
338 ## - TIPO DE SOPORTE
Fuente rdacarrier
Nombre del tipo de soporte volumen
Código Tipo de soporte nc
500 ## - NOTA GENERAL
Nota General Tabla de contenido traducida por la agencia catalogadora
505 ## - NOTA DE CONTENIDO
Nota de contenido con formato preestablecido La primera visita del autor a Asbury -- Cómo comenzó: dos años y medio antes del avivamiento -- Se cancelan las clases -- La historia del presidente Dennis Kinlaw -- Martes en la noche, 11 p. m. — Han pasado 13 horas -- Jueves en la mañana — Han pasado 48 horas -- Viernes, 10:30 p. m. — Han pasado 84 horas. -- Sábado en la mañana — Han pasado 96 horas. -- Domingo en la mañana — Han pasado 120 horas. -- Las lágrimas continúan fluyendo después del avivamiento. -- La historia de Tim Philpot — El asombroso testimonio de un estudiante. -- La confesión de un profesor de Biblia en la capilla. -- El avivamiento se extiende por Estados Unidos — “Cuanto menos impresionante era el estudiante, más eficaz era como instrumento” -- Reflexiones sobre el avivamiento del presidente Kinlaw<br/>-- Durante meses, los estudiantes comparten y el avivamiento se extiende por las escuelas de todo el país -- El fuego del avivamiento se propaga poderosamente y de forma milagrosa -- David Perry emprende una cruzada de avivamiento de nueve meses.
563 ## - NOTA DE ENCUADERNACIÓN
Nota de encuadernación Rústico
653 ## - TÉRMINO DE INDIZACIÓN - NO CONTROLADO
Término no controlado Avivamientos religiosos — Estados Unidos
653 ## - TÉRMINO DE INDIZACIÓN - NO CONTROLADO
Término no controlado Renovación espiritual — Siglo XX
653 ## - TÉRMINO DE INDIZACIÓN - NO CONTROLADO
Término no controlado Estudiantes universitarios — influencia religiosa
653 ## - TÉRMINO DE INDIZACIÓN - NO CONTROLADO
Término no controlado Historia del cristianismo contemporáneo
942 ## - TIPO DE MATERIAL (KOHA)
Tipo de Item KOHA Libros General
945 ## - INFORMACIÓN LOCAL DEL REGISTRO
Catalogador JTF-925
Existencias
Estado de Material Estado de Perdido Forma de Clasificación Estado de Dañado No para Préstamo Colección Biblioteca de Origen Biblioteca Permanente Fecha de Adquisición Área Total de Préstamos Signatura Topográfica Código de Barras Última vez visto Ejemplar/Existencia Fecha de Remplazo Tipo de Material
    Dewey Decimal Classification     Colección General Biblioteca FUSBC Biblioteca FUSBC 16/10/2025 RELIGIÓN - RELIGIONES   G 269.23 A837a 22155 16/10/2025 Ej. 1 16/10/2025 Libros General

Biblioteca FUSBC | Teléfono: (57+4) 349 88 10 Ext. 141| WhatsApp (+57) 3005338115 
E-mail: biblioteca@unisbc.edu.co | Calle 76 87-14 Robledo Palenque, Medellín, Colombia

Con tecnología Koha